[Event "ESP-chT CECLUB Div2"]
[Site "Linares"]
[Date "2024.08.13"]
[Round "4.27"]
[White "Silva Lucena, Cristian"]
[Black "Alba Fernandez, Nicolas"]
[Result "1-0"]
[WhiteElo "2296"]
[BlackElo "2179"]
[PlyCount "117"]
[EventDate "2024.08.11"]
[EventType "team-swiss"]
[EventRounds "7"]
[EventCountry "ESP"]
[SourceTitle "CBM 221 Extra"]
[Source "ChessBase"]
[SourceDate "2024.09.30"]
[SourceVersion "1"]
[SourceVersionDate "2024.09.30"]
[SourceQuality "1"]
[WhiteTeam "Pai Elecam"]
[BlackTeam "Miraflores Dimalsan"]
[WhiteTeamCountry "ESP"]
[BlackTeamCountry "ESP"]

1. e4 c5 2. Nf3 e6 3. d4 cxd4 4. Qxd4 Nc6 5. Qe3 Nf6 6. Nc3 d5 7. exd5 Nxd5 8. Nxd5 Qxd5 9. Bd3 Bc5 10. Qe2 Bd7 11. c3 Be7 12. Bd2 Bf6 13. Be4 Qa5 14. 0-0 Qc7 15. Be3 0-0 16. Bc2 Rfd8 17. Ng5 g6 18. Qf3 Kg7 19. Rfd1 h6 20. Ne4 Be5 21. Qh3 Bf4 22. Qh4 Bxe3 23. Qf6+ Kg8 24. fxe3 Qe5 25. Rd6 Kf8 26. Qh4 Kg7 27. Rad1 g5 28. Nxg5 Qxe3+ 29. Kf1 hxg5 30. Qh7+ Kf6 31. R6d3 Qf4+ 32. Rf3 Qxf3+ 33. gxf3 Rh8 34. Qe4 Rh4 35. Qe2 Ne5 36. Rd4 Rh3 37. Be4 Rah8 38. f4 gxf4 39. Bg2 f3 40. Rf4+ Ke7 41. Qxe5 fxg2+ 42. Kxg2 Rxh2+ 43. Kf1 R8h7 44. Rg4 Rh1+ 45. Ke2 R7h5 46. Rg5 R5h2+ 47. Kd3 Rd1+ 48. Kc4 Rh4+ 49. Kb3 Rd5 50. Qe3 f5 51. Qg3 Re4 52. Rg7+ Kf6 53. Rg8 Ke7 54. Qb8 Kf6 55. Rf8+ Ke7 56. Rh8 Kf6 57. Rh6+ Ke7 58. Rh7+ Kf6 59. Qd8+ 1-0

[Event "Madrid op"]
[Site "Madrid"]
[Date "2024.06.15"]
[Round "9"]
[White "Alba Fernandez, Nicolas"]
[Black "Derige Kane, Yan"]
[Result "0-1"]
[WhiteElo "2150"]
[BlackElo "2237"]
[PlyCount "72"]
[EventDate "2024.06.10"]
[EventType "swiss"]
[EventRounds "9"]
[EventCountry "ESP"]
[SourceTitle "CBM 220 Extra"]
[Source "ChessBase"]
[SourceDate "2024.07.31"]
[SourceVersion "1"]
[SourceVersionDate "2024.07.31"]
[SourceQuality "1"]

1. Nf3 d5 2. g3 b6 3. Bg2 Bb7 4. 0-0 Nd7 5. c4 dxc4 6. Na3 Ngf6 7. Nxc4 e6 8. b3 Be7 9. Bb2 0-0 10. Rc1 c5 11. d3 b5 12. Ncd2 a5 13. a4 Qb6 14. axb5 Qxb5 15. Nc4 Bc6 16. e4 Rfd8 17. Qc2 Rab8 18. Ra1 Qxb3 19. Qxb3 Rxb3 20. Nxa5 Rb6 21. Nxc6 Rxc6 22. Rfc1 Rb6 23. Bc3 Rbb8 24. Ra7 Bf8 25. Ba5 Ra8 26. Bxd8 Rxa7 27. Bf1 h6 28. h3 Ne8 29. d4 Ra8 30. dxc5 Rxd8 31. Rd1 Be7 32. Bb5 Nef6 33. c6 Nb6 34. Rc1 Nxe4 35. c7 Rf8 36. Ba6 Nc5 0-1

[Event "Madrid op"]
[Site "Madrid"]
[Date "2024.06.14"]
[Round "8"]
[White "Martel Bruniaux, Malko"]
[Black "Alba Fernandez, Nicolas"]
[Result "1/2-1/2"]
[WhiteElo "2115"]
[BlackElo "2150"]
[PlyCount "61"]
[EventDate "2024.06.10"]
[EventType "swiss"]
[EventRounds "9"]
[EventCountry "ESP"]
[SourceTitle "CBM 220 Extra"]
[Source "ChessBase"]
[SourceDate "2024.07.31"]
[SourceVersion "1"]
[SourceVersionDate "2024.07.31"]
[SourceQuality "1"]

1. d4 d5 2. Nf3 e6 3. c4 c5 4. cxd5 exd5 5. g3 Nf6 6. Bg2 Nc6 7. 0-0 Be7 8. Nc3 0-0 9. dxc5 Bxc5 10. Na4 Be7 11. Be3 Re8 12. Rc1 Ne4 13. Nd4 Bd7 14. Nc3 Nxc3 15. Rxc3 Nxd4 16. Bxd4 Bc6 17. a3 Bd6 18. e3 Be5 19. Bxe5 Rxe5 20. Qd4 f6 21. Rd1 Kh8 22. f4 Re7 23. Bxd5 Rd7 24. e4 f5 25. Rcd3 fxe4 26. Qxe4 Qb6+ 27. Kh1 Rxd5 28. Rxd5 Re8 29. Qg2 Bxd5 30. Qxd5 Qxb2 31. Qd7 1/2-1/2

[Event "Madrid op"]
[Site "Madrid"]
[Date "2024.06.13"]
[Round "6"]
[White "Merayo Lopez, Abraham"]
[Black "Alba Fernandez, Nicolas"]
[Result "1/2-1/2"]
[WhiteElo "2057"]
[BlackElo "2150"]
[PlyCount "116"]
[EventDate "2024.06.10"]
[EventType "swiss"]
[EventRounds "9"]
[EventCountry "ESP"]
[SourceTitle "CBM 220 Extra"]
[Source "ChessBase"]
[SourceDate "2024.07.31"]
[SourceVersion "1"]
[SourceVersionDate "2024.07.31"]
[SourceQuality "1"]

1. e4 c5 2. Nf3 e6 3. d4 cxd4 4. Nxd4 Nc6 5. a3 Qc7 6. Be3 a6 7. c4 Nf6 8. Nc3 Be7 9. Be2 0-0 10. 0-0 Ne5 11. f4 Nxc4 12. Bxc4 Qxc4 13. Rc1 Qc7 14. e5 Ne8 15. Nd5 Qd8 16. Nxe7+ Qxe7 17. Nf3 b6 18. Bxb6 d6 19. exd6 Qxd6 20. Bc5 Qxf4 21. Bxf8 Kxf8 22. Qd4 Qxd4+ 23. Nxd4 Nf6 24. Rc7 e5 25. Nc6 e4 26. Nd8 Bd7 27. Nb7 Bb5 28. Rfc1 Nd5 29. R7c5 Nf4 30. Rc8+ Rxc8 31. Rxc8+ Ke7 32. Kf2 f5 33. Nc5 g5 34. a4 Bc4 35. g3 Nh3+ 36. Ke3 Bf1 37. Rh8 Kd6 38. b4 Kd5 39. Rd8+ Ke5 40. Re8+ Kd5 41. Rd8+ Ke5 42. Re8+ Kd5 43. Nxe4 fxe4 44. Rxe4 h6 45. Rd4+ Ke5 46. Rd8 h5 47. Rh8 Kd5 48. Rxh5 Kc4 49. b5 axb5 50. axb5 Kxb5 51. Kf3 Kc6 52. Rh6+ Kd5 53. Kg4 Ke4 54. Re6+ Kd5 55. Re1 Bg2 56. Re2 Bf1 57. Re1 Bg2 58. Re2 Bf1 1/2-1/2

[Event "ESP-chT Rapid"]
[Site "Ubeda"]
[Date "2023.09.24"]
[Round "8.2"]
[White "Alba Fernandez, Nicolas"]
[Black "Deac, Bogdan Daniel"]
[Result "1/2-1/2"]
[WhiteElo "2103"]
[BlackElo "2702"]
[PlyCount "133"]
[EventDate "2023.09.23"]
[EventType "team-swiss (rapid)"]
[EventRounds "9"]
[EventCountry "ESP"]
[SourceTitle "CBM 216 Extra"]
[Source "ChessBase"]
[SourceDate "2023.11.30"]
[SourceVersion "1"]
[SourceVersionDate "2023.11.30"]
[SourceQuality "1"]
[WhiteTeam "Miraflores Dimalsan"]
[BlackTeam "Costa Calida"]
[WhiteTeamCountry "ESP"]
[BlackTeamCountry "ESP"]

1. d4 d6 2. c4 e5 3. d5 f5 4. e4 fxe4 5. Nc3 Nf6 6. Bg5 Bf5 7. Nge2 Be7 8. Bxf6 gxf6 9. Ng3 Bg6 10. h4 h5 11. Be2 f5 12. Bxh5 Bxh5 13. Nxh5 Kf7 14. Ng3 Qd7 15. h5 Rh6 16. Qd2 Kg7 17. 0-0-0 Na6 18. f3 exf3 19. gxf3 Kh7 20. Kb1 Rf8 21. Rdg1 Nc5 22. Qc2 a5 23. Nge2 Bf6 24. Qd2 Qf7 25. Rg6 Bg7 26. Rhg1 Rg8 27. Qg5 Nd7 28. Rxh6+ Bxh6 29. Qxg8+ Qxg8 30. Rxg8 Kxg8 31. Nb5 Nf6 32. Nxc7 Nxh5 33. Nb5 Bf8 34. Kc2 Kf7 35. a3 Ke7 36. b4 axb4 37. axb4 Kd7 38. Kd3 Be7 39. Nec3 Nf4+ 40. Kc2 Bh4 41. Kd2 Bf2 42. Na3 Ng2 43. Nc2 Bb6 44. Na4 Bg1 45. Nc3 b6 46. Ke2 Nf4+ 47. Kd2 Ng6 48. Ne3 Nh4 49. Ke2 Kd8 50. Na4 Kc7 51. Nc3 Kd7 52. Na4 Kc7 53. Nc3 Bh2 54. Nb5+ Kd7 55. Nc3 Bf4 56. Na4 Kc7 57. Nc3 Bg5 58. Nb5+ Kd7 59. Nc3 Bf6 60. Na4 Kc7 61. Nc3 Kc8 62. Na4 Kb7 63. Nc3 e4 64. Nb5 exf3+ 65. Kf2 Be5 66. Nf1 Bf4 67. Nd4 1/2-1/2

[Event "ESP-chT Rapid"]
[Site "Ubeda"]
[Date "2023.09.23"]
[Round "1.3"]
[White "Alba Fernandez, Nicolas"]
[Black "Korobov, Anton"]
[Result "0-1"]
[WhiteElo "2103"]
[BlackElo "2652"]
[PlyCount "44"]
[EventDate "2023.09.23"]
[EventType "team-swiss (rapid)"]
[EventRounds "9"]
[EventCountry "ESP"]
[SourceTitle "CBM 216 Extra"]
[Source "ChessBase"]
[SourceDate "2023.11.30"]
[SourceVersion "1"]
[SourceVersionDate "2023.11.30"]
[SourceQuality "1"]
[WhiteTeam "Miraflores Dimalsan"]
[BlackTeam "Silla Integrant"]
[WhiteTeamCountry "ESP"]
[BlackTeamCountry "ESP"]

1. d4 Nf6 2. c4 e6 3. Nc3 Bb4 4. Qc2 d6 5. Nf3 c5 6. e3 0-0 7. Bd2 b6 8. Be2 Bb7 9. 0-0 Nbd7 10. a3 Bxc3 11. Bxc3 Ne4 12. Rfd1 Qe7 13. Rac1 f5 14. Be1 Rad8 15. b3 Ng5 16. Nxg5 Qxg5 17. Bf1 Bf3 18. Rd2 Rf6 19. Kh1 Rg6 20. Kg1 Qxg2+ 21. Bxg2 Rxg2+ 22. Kf1 Rxh2 0-1

[Event "Seville op 47th"]
[Site "Seville"]
[Date "2022.07.18"]
[Round "4"]
[White "Alba Fernandez, Nicolas"]
[Black "Sanchez, Sebastian Felipe"]
[Result "0-1"]
[WhiteElo "2050"]
[BlackElo "2440"]
[PlyCount "40"]
[EventDate "2022.07.16"]
[EventType "swiss"]
[EventRounds "9"]
[EventCountry "ESP"]
[SourceTitle "CBM 209 Extra"]
[Source "ChessBase"]
[SourceDate "2022.09.30"]
[SourceVersion "1"]
[SourceVersionDate "2022.09.30"]
[SourceQuality "1"]

1. d4 Nf6 2. c4 e6 3. Nc3 Bb4 4. Qc2 0-0 5. e4 d5 6. e5 Ne4 7. Bd3 c5 8. Nf3 cxd4 9. Nxd4 Nc5 10. Bxh7+ Kh8 11. h4 dxc4 12. Be3 Nbd7 13. Nf3 Qc7 14. Bf4 f5 15. Kf1 Bxc3 16. bxc3 Kxh7 17. Ng5+ Kg8 18. Qe2 Rd8 19. Nf7 Kxf7 20. Qh5+ Kg8 0-1

[Event "Malaga-ch"]
[Site "Malaga"]
[Date "2019.02.17"]
[Round "5.4"]
[White "Urla Martos, Alfredo"]
[Black "Alba Fernandez, Nicolas"]
[Result "1-0"]
[WhiteElo "2150"]
[BlackElo "1820"]
[PlyCount "36"]
[EventDate "2019.02.09"]
[EventType "swiss"]
[EventRounds "7"]
[EventCountry "ESP"]
[SourceTitle "EXT 2024"]
[Source "ChessBase"]
[SourceDate "2023.10.10"]
[SourceVersion "1"]
[SourceVersionDate "2023.10.10"]
[SourceQuality "1"]

1. e4 c5 2. Nf3 e6 3. c3 Nf6 4. e5 Nd5 5. d4 cxd4 6. cxd4 d6 7. a3 dxe5 8. dxe5 g6 9. Bc4 Nb6 10. Bd3 Bd7 11. Bg5 Be7 12. Bh6 Bc6 13. 0-0 N8d7 14. Nc3 Nc5 15. Be2 Qxd1 16. Raxd1 a6 17. Nd4 Bd5 18. f4 0-0-0 1-0

[Event "Malaga-ch"]
[Site "Malaga"]
[Date "2019.02.10"]
[Round "3.3"]
[White "Lopez Guerrero, Jose Miguel"]
[Black "Alba Fernandez, Nicolas"]
[Result "1-0"]
[WhiteElo "2099"]
[BlackElo "1820"]
[PlyCount "33"]
[EventDate "2019.02.09"]
[EventType "swiss"]
[EventRounds "7"]
[EventCountry "ESP"]
[SourceTitle "EXT 2024"]
[Source "ChessBase"]
[SourceDate "2023.10.10"]
[SourceVersion "1"]
[SourceVersionDate "2023.10.10"]
[SourceQuality "1"]

1. e4 c5 2. Nf3 e6 3. d4 cxd4 4. Nxd4 Nc6 5. Nc3 Qc7 6. Be3 a6 7. Qd2 Nf6 8. f3 Be7 9. g4 Nxd4 10. Qxd4 e5 11. Qb6 Qxb6 12. Bxb6 Bb4 13. 0-0-0 d6 14. g5 Nd7 15. Bc7 h6 16. Nd5 a5 17. Nxb4 1-0

[Event "Andalucia-ch U14"]
[Site "Islantilla"]
[Date "2012.04.13"]
[Round "2"]
[White "Alba Fernandez, Nicolas"]
[Black "Rubio Gonzalez, Dario Jesus"]
[Result "1/2-1/2"]
[WhiteElo "1883"]
[BlackElo "1472"]
[PlyCount "62"]
[EventDate "2012.04.13"]
[EventType "swiss"]
[EventRounds "9"]
[EventCountry "ESP"]
[SourceTitle "CBM 148 Extra"]
[Source "ChessBase"]
[SourceDate "2012.06.22"]
[SourceVersion "1"]
[SourceVersionDate "2012.06.22"]
[SourceQuality "1"]

1. d4 e6 2. Nc3 f5 3. e4 d5 4. exf5 exf5 5. Bd3 Nf6 6. Bg5 Be7 7. Nh3 0-0 8. f3 c6 9. 0-0 h6 10. Bxf6 Bxf6 11. Ne2 Qb6 12. Kh1 Bxd4 13. Bxf5 Bxb2 14. Bxc8 Bxa1 15. Be6+ Kh8 16. Qxa1 Qc7 17. Nef4 Rxf4 18. Nxf4 Qxf4 19. Qb2 Qc7 20. Qc3 Nd7 21. Bxd5 Nf6 22. Bb3 Re8 23. Re1 Rxe1+ 24. Qxe1 b5 25. c4 a6 26. Qb4 c5 27. Qd2 b4 28. g3 a5 29. Kg2 Qd7 30. Qxd7 Nxd7 31. f4 Kg8 1/2-1/2